000
00323nam a22001457a 4500
008
221017b ||||| |||| 00| 0 eng d
020
_a
X000EF7VFJ
041
_a
eng
080
_a
616.073
082
_a
616.073
100
_a
12
101
_a
GENE
245
_a
CHEMISTRY A MOLECULAR APPROACH
_c
TRO.J.N
942
_2
udc
_c
BK
999
_c
58582
_d
58582